[Event "Titled Tuesday intern op 18th Jul Late"]
[Site "Chess.com INT"]
[Date "2023.07.18"]
[Round "5"]
[White "Izuzquiza Gonzalez, Javier"]
[Black "Liu, Casper Yukun"]
[Result "1-0"]
[WhiteElo "1981"]
[BlackElo "2278"]
[PlyCount "57"]
[EventDate "2023.07.18"]
[EventType "swiss (blitz)"]
[EventRounds "11"]
[EventCountry "USA"]
[SourceTitle "EXT 2024"]
[Source "ChessBase"]
[SourceDate "2023.10.10"]
[SourceVersion "1"]
[SourceVersionDate "2023.10.10"]
[SourceQuality "1"]

1. d4 Nf6 2. c4 g6 3. Nf3 Bg7 4. g3 0-0 5. Bg2 c5 6. 0-0 cxd4 7. Nxd4 Nc6 8. Nc3 Nxd4 9. Qxd4 d6 10. Qd3 Nd7 11. Rd1 Ne5 12. Qe4 Be6 13. c5 Rb8 14. cxd6 exd6 15. Be3 a6 16. Bd4 Re8 17. Nd5 Bf5 18. Qe3 Ng4 19. Qc3 Rc8 20. Qb4 Rxe2 21. Bxg7 Kxg7 22. Bf3 Rxf2 23. Bxg4 Rcc2 24. Ne3 Rxb2 25. Rxd6 Qg5 26. Qd4+ f6 27. h4 Qh6 28. Qxf6+ Kg8 29. Rd8+ 1-0

[Event "Titled Tuesday intern op 18th Jul Late"]
[Site "Chess.com INT"]
[Date "2023.07.18"]
[Round "4"]
[White "Korol, Dimitry"]
[Black "Izuzquiza Gonzalez, Javier"]
[Result "1-0"]
[WhiteElo "2287"]
[BlackElo "1981"]
[PlyCount "65"]
[EventDate "2023.07.18"]
[EventType "swiss (blitz)"]
[EventRounds "11"]
[EventCountry "USA"]
[SourceTitle "EXT 2024"]
[Source "ChessBase"]
[SourceDate "2023.10.10"]
[SourceVersion "1"]
[SourceVersionDate "2023.10.10"]
[SourceQuality "1"]

1. d4 Nf6 2. c4 g6 3. Nc3 d5 4. cxd5 Nxd5 5. e4 Nxc3 6. bxc3 Bg7 7. Nf3 c5 8. Rb1 0-0 9. Be2 cxd4 10. cxd4 Qa5+ 11. Qd2 Qxd2+ 12. Bxd2 Nc6 13. d5 Ne5 14. Nxe5 Bxe5 15. f4 Bd4 16. Bb4 Bd7 17. Bxe7 Rfe8 18. d6 Bc6 19. Bf3 Be3 20. g3 Bb6 21. Ke2 f6 22. e5 fxe5 23. fxe5 Bxf3+ 24. Kxf3 Kf7 25. Ke4 Ke6 26. Rhf1 Bd8 27. Rf6+ Kd7 28. e6+ Kc6 29. Rc1+ Kb6 30. Bxd8+ Raxd8 31. Kd5 a5 32. d7 Re7 33. Kd6 1-0

[Event "Titled Tuesday intern op 29th Nov Early"]
[Site "Chess.com INT"]
[Date "2022.11.29"]
[Round "3"]
[White "Izuzquiza Gonzalez, Javier"]
[Black "Pinheiro, Iung Alicio"]
[Result "0-1"]
[WhiteElo "2020"]
[BlackElo "2320"]
[PlyCount "68"]
[EventDate "2022.11.29"]
[EventType "swiss (blitz)"]
[EventRounds "11"]
[EventCountry "USA"]
[SourceTitle "EXT 2024"]
[Source "ChessBase"]
[SourceDate "2023.10.10"]
[SourceVersion "1"]
[SourceVersionDate "2023.10.10"]
[SourceQuality "1"]

1. d4 Nf6 2. c4 g6 3. Nf3 Bg7 4. g3 0-0 5. Bg2 d6 6. 0-0 Nbd7 7. Nc3 e5 8. e4 exd4 9. Nxd4 Re8 10. h3 a6 11. Qc2 Rb8 12. Be3 Ne5 13. b3 c5 14. Nde2 b5 15. cxb5 axb5 16. Rad1 c4 17. f4 Nd3 18. bxc4 bxc4 19. Nc1 Rb2 20. Qa4 Rxg2+ 21. Kxg2 Nb2 22. Qb5 Nxd1 23. Rxd1 Nxe4 24. Nxe4 Rxe4 25. Bb6 Qe7 26. Qc6 Re2+ 27. Kf1 Bxh3+ 28. Kg1 Rg2+ 29. Kh1 Rxg3 30. Kh2 Qh4 31. Qe8+ Bf8 32. Qd8 Qg4 33. Rd2 Bf1 34. Bd4 Rh3# 0-1

[Event "Titled Tuesday intern op 22nd Nov Early"]
[Site "Chess.com INT"]
[Date "2022.11.22"]
[Round "3"]
[White "Bilan, Danila"]
[Black "Izuzquiza Gonzalez, Javier"]
[Result "1/2-1/2"]
[WhiteElo "2303"]
[BlackElo "2020"]
[PlyCount "99"]
[EventDate "2022.11.22"]
[EventType "swiss (blitz)"]
[EventRounds "11"]
[EventCountry "USA"]
[SourceTitle "CBM 211 Extra"]
[Source "ChessBase"]
[SourceDate "2023.01.31"]
[SourceVersion "1"]
[SourceVersionDate "2023.01.31"]
[SourceQuality "1"]

1. d4 Nf6 2. Nf3 g6 3. Bg5 Bg7 4. c3 d5 5. Nbd2 0-0 6. e3 c5 7. Bd3 Nc6 8. 0-0 b6 9. dxc5 bxc5 10. e4 d4 11. Nb3 dxc3 12. bxc3 c4 13. Bxc4 Nxe4 14. Qxd8 Rxd8 15. Nbd4 Nxd4 16. cxd4 Nxg5 17. Nxg5 e6 18. Rad1 Bxd4 19. Nf3 Bf6 20. Rxd8+ Bxd8 21. Rd1 Bb7 22. Rd7 Bxf3 23. gxf3 Bb6 24. Ba6 Rd8 25. Rxd8+ Bxd8 26. Kf1 Bc7 27. h3 Kg7 28. Ke2 f6 29. Bc4 e5 30. Kd3 Bb6 31. f4 exf4 32. f3 Kf8 33. Ke4 g5 34. Kf5 Ke7 35. Bg8 Bf2 36. Bxh7 Bd4 37. Bg8 Be5 38. Kg4 Kd6 39. h4 gxh4 40. Kxh4 Kc5 41. Kg4 Kb4 42. Kf5 a5 43. Ke4 a4 44. Bf7 a3 45. Be6 Kc3 46. Bb3 Kb2 47. Bg8 Kc3 48. Bb3 Kb2 49. Bg8 Kc3 50. Bb3 1/2-1/2

[Event "Titled Tuesday intern op 22nd Nov Early"]
[Site "Chess.com INT"]
[Date "2022.11.22"]
[Round "11"]
[White "Fernandez Garcia, Gumersindo"]
[Black "Izuzquiza Gonzalez, Javier"]
[Result "1-0"]
[WhiteElo "2172"]
[BlackElo "2020"]
[PlyCount "57"]
[EventDate "2022.11.22"]
[EventType "swiss (blitz)"]
[EventRounds "11"]
[EventCountry "USA"]
[SourceTitle "CBM 211 Extra"]
[Source "ChessBase"]
[SourceDate "2023.01.31"]
[SourceVersion "1"]
[SourceVersionDate "2023.01.31"]
[SourceQuality "1"]

1. e4 c5 2. c3 Nf6 3. e5 Nd5 4. d4 cxd4 5. cxd4 e6 6. Nf3 d6 7. Bc4 Be7 8. 0-0 0-0 9. Re1 Nc6 10. h3 Bd7 11. Bxd5 exd5 12. Nc3 Be6 13. Bf4 Rc8 14. Qb3 Na5 15. Qb5 a6 16. Qe2 Nc4 17. exd6 Bxd6 18. Bxd6 Qxd6 19. Ng5 Rfe8 20. Rac1 Qf4 21. Qh5 h6 22. Nxe6 fxe6 23. Nxd5 Qxd4 24. Nc7 Rf8 25. Nxe6 Qxf2+ 26. Kh1 Rf5 27. Qg4 Rg5 28. Nxg5 hxg5 29. Qxc8+ 1-0

[Event "Titled Tuesday intern op 22nd Nov Early"]
[Site "Chess.com INT"]
[Date "2022.11.22"]
[Round "8"]
[White "Ginzburg, Yakov"]
[Black "Izuzquiza Gonzalez, Javier"]
[Result "1-0"]
[WhiteElo "2405"]
[BlackElo "2020"]
[PlyCount "33"]
[EventDate "2022.11.22"]
[EventType "swiss (blitz)"]
[EventRounds "11"]
[EventCountry "USA"]
[SourceTitle "CBM 211 Extra"]
[Source "ChessBase"]
[SourceDate "2023.01.31"]
[SourceVersion "1"]
[SourceVersionDate "2023.01.31"]
[SourceQuality "1"]

1. d4 Nf6 2. c4 g6 3. Nf3 Bg7 4. Nc3 d5 5. cxd5 Nxd5 6. e4 Nxc3 7. bxc3 c5 8. Rb1 0-0 9. Be2 cxd4 10. cxd4 Qa5+ 11. Bd2 Qxa2 12. 0-0 Bg4 13. Rxb7 Nc6 14. d5 Rfb8 15. dxc6 Rxb7 16. cxb7 Rb8 17. Bf4 1-0

[Event "Titled Tuesday intern op 22nd Nov Early"]
[Site "Chess.com INT"]
[Date "2022.11.22"]
[Round "9"]
[White "Izuzquiza Gonzalez, Javier"]
[Black "Ovchinnikov, Vsevolod"]
[Result "0-1"]
[WhiteElo "2020"]
[BlackElo "2426"]
[PlyCount "114"]
[EventDate "2022.11.22"]
[EventType "swiss (blitz)"]
[EventRounds "11"]
[EventCountry "USA"]
[SourceTitle "CBM 211 Extra"]
[Source "ChessBase"]
[SourceDate "2023.01.31"]
[SourceVersion "1"]
[SourceVersionDate "2023.01.31"]
[SourceQuality "1"]

1. d4 Nf6 2. c4 g6 3. Nf3 Bg7 4. g3 d5 5. Bg2 dxc4 6. 0-0 0-0 7. Na3 Nc6 8. Nxc4 Be6 9. Nce5 Bd5 10. Bf4 e6 11. a3 h6 12. b4 a6 13. Rc1 Nd7 14. Nxc6 Bxc6 15. Re1 g5 16. Bd2 Nb6 17. Bc3 Be4 18. Bb2 c6 19. Qb3 Qd5 20. Qxd5 exd5 21. Nd2 Bxg2 22. Kxg2 a5 23. bxa5 Rxa5 24. Bc3 Ra6 25. Bb4 Rfa8 26. e3 Bf8 27. Rb1 R8a7 28. Rb3 Bxb4 29. Rxb4 Nc8 30. Reb1 Nd6 31. Nf3 Rxa3 32. Ne5 R3a4 33. R4b2 Ra2 34. Rb4 Rc2 35. R1b2 Rxb2 36. Rxb2 f6 37. Nd7 Kf7 38. Nc5 Ke7 39. h4 g4 40. h5 f5 41. f3 gxf3+ 42. Kxf3 b5 43. Kf4 Kf6 44. Nd3 Rg7 45. Ne5 Nc4 46. Rc2 Ke6 47. Nxc6 Rg4+ 48. Kf3 Re4 49. Rc3 Kd6 50. Nb4 Rg4 51. Nc2 Rg5 52. Ne1 Rxh5 53. Ng2 Rg5 54. Nf4 Rg8 55. Nh5 Rb8 56. Nf4 b4 57. Rb3 Nd2+ 0-1

[Event "Titled Tuesday intern op 22nd Nov Early"]
[Site "Chess.com INT"]
[Date "2022.11.22"]
[Round "4"]
[White "Izuzquiza Gonzalez, Javier"]
[Black "Ronka, Erik"]
[Result "1/2-1/2"]
[WhiteElo "2020"]
[BlackElo "2258"]
[PlyCount "84"]
[EventDate "2022.11.22"]
[EventType "swiss (blitz)"]
[EventRounds "11"]
[EventCountry "USA"]
[SourceTitle "CBM 211 Extra"]
[Source "ChessBase"]
[SourceDate "2023.01.31"]
[SourceVersion "1"]
[SourceVersionDate "2023.01.31"]
[SourceQuality "1"]

1. d4 d5 2. c4 c6 3. Nf3 Nf6 4. g3 Bf5 5. Bg2 Nbd7 6. 0-0 e6 7. b3 h6 8. Nc3 Bd6 9. Bb2 0-0 10. Nd2 Qe7 11. Re1 Ba3 12. Qc1 Bxb2 13. Qxb2 a5 14. e4 dxe4 15. Ndxe4 Nxe4 16. Nxe4 Bxe4 17. Bxe4 Nf6 18. Bg2 Rfd8 19. Rad1 Qb4 20. a3 Qb6 21. Qc3 Rd7 22. Re5 a4 23. b4 Rad8 24. c5 Qc7 25. f4 Nd5 26. Bxd5 Rxd5 27. Rxd5 Rxd5 28. Qc2 b5 29. cxb6 Qxb6 30. Qxa4 Rxd4 31. Rxd4 Qxd4+ 32. Kg2 Qd5+ 33. Kg1 g5 34. fxg5 hxg5 35. Qa5 Qd4+ 36. Kg2 Qe4+ 37. Kg1 Qe3+ 38. Kg2 Qe2+ 39. Kg1 Qe1+ 40. Kg2 Qe2+ 41. Kg1 Qe3+ 42. Kg2 Qe2+ 1/2-1/2

[Event "Titled Tuesday intern op 15th Nov Early"]
[Site "Chess.com INT"]
[Date "2022.11.15"]
[Round "9"]
[White "Minko, Dmitry"]
[Black "Izuzquiza Gonzalez, Javier"]
[Result "1-0"]
[WhiteElo "2247"]
[BlackElo "2020"]
[PlyCount "85"]
[EventDate "2022.11.15"]
[EventType "swiss (blitz)"]
[EventRounds "11"]
[EventCountry "USA"]
[SourceTitle "CBM 211 Extra"]
[Source "ChessBase"]
[SourceDate "2023.01.31"]
[SourceVersion "1"]
[SourceVersionDate "2023.01.31"]
[SourceQuality "1"]

1. e4 c5 2. Nf3 e6 3. d4 cxd4 4. Nxd4 a6 5. Bd3 Nf6 6. c4 Qc7 7. Nd2 Nc6 8. Nxc6 dxc6 9. 0-0 e5 10. Qc2 Be7 11. c5 Be6 12. b4 0-0 13. Bb2 Rfd8 14. Rfd1 Rd7 15. Bc4 Bg4 16. f3 Bh5 17. Bb3 Rad8 18. Nc4 Bg6 19. Bxe5 Rxd1+ 20. Rxd1 Qc8 21. Nb6 Rxd1+ 22. Qxd1 Qe8 23. Bd6 Bd8 24. Nc4 h5 25. Bf4 h4 26. Nd6 Qd7 27. Nxb7 Qxb7 28. Qxd8+ Kh7 29. Qd2 Nh5 30. Bd6 Qd7 31. a3 h3 32. g3 Nf6 33. Qg5 Kg8 34. Qh4 Ne8 35. Qg4 Qd8 36. Qxg6 Nxd6 37. cxd6 Qd7 38. Qxf7+ Qxf7 39. Bxf7+ Kxf7 40. e5 Ke6 41. f4 g6 42. Kf2 c5 43. bxc5 1-0

[Event "Titled Tuesday intern op 08th Nov Early"]
[Site "Chess.com INT"]
[Date "2022.11.08"]
[Round "4"]
[White "Izuzquiza Gonzalez, Javier"]
[Black "Flis, Pawel"]
[Result "1-0"]
[WhiteElo "2020"]
[BlackElo "1901"]
[PlyCount "89"]
[EventDate "2022.11.08"]
[EventType "swiss (blitz)"]
[EventRounds "11"]
[EventCountry "USA"]
[SourceTitle "EXT 2024"]
[Source "ChessBase"]
[SourceDate "2023.10.10"]
[SourceVersion "1"]
[SourceVersionDate "2023.10.10"]
[SourceQuality "1"]

1. d4 c5 2. d5 Nf6 3. c4 b5 4. Nf3 bxc4 5. Nc3 e6 6. e4 d6 7. Bxc4 exd5 8. Nxd5 Bb7 9. Bg5 Be7 10. Nxe7 Qxe7 11. 0-0 0-0 12. Re1 h6 13. Bh4 Nbd7 14. Qb3 Rab8 15. Qa3 g5 16. Bg3 Nxe4 17. Nd2 Ndf6 18. f3 d5 19. Bd3 Rbe8 20. fxe4 dxe4 21. Bb5 Rd8 22. Nc4 Bd5 23. Ne5 Nh5 24. Nc6 Qb7 25. Nxd8 Qxb5 26. Rad1 Rxd8 27. Rxe4 Nxg3 28. Qxg3 Qxb2 29. Qe5 Qxe5 30. Rxe5 Kg7 31. Rexd5 Rb8 32. Rxc5 Rb2 33. a4 Ra2 34. a5 Kg6 35. Rd7 a6 36. h3 h5 37. Rc6+ Kg7 38. Rxa6 g4 39. hxg4 hxg4 40. Kh2 Ra3 41. Raa7 g3+ 42. Kh3 Kg6 43. Rxf7 Kg5 44. Rg7+ Kf5 45. Raf7+ 1-0

[Event "Titled Tuesday intern op 08th Nov Early"]
[Site "Chess.com INT"]
[Date "2022.11.08"]
[Round "8"]
[White "Izuzquiza Gonzalez, Javier"]
[Black "Korelskiy, Egor"]
[Result "0-1"]
[WhiteElo "2020"]
[BlackElo "2153"]
[PlyCount "57"]
[EventDate "2022.11.08"]
[EventType "swiss (blitz)"]
[EventRounds "11"]
[EventCountry "USA"]
[SourceTitle "EXT 2024"]
[Source "ChessBase"]
[SourceDate "2023.10.10"]
[SourceVersion "1"]
[SourceVersionDate "2023.10.10"]
[SourceQuality "1"]

1. d4 d5 2. c4 e6 3. Nf3 c6 4. g3 dxc4 5. Bg2 b5 6. 0-0 Bb7 7. a4 Nd7 8. Qc2 Ngf6 9. Nbd2 Be7 10. b3 cxb3 11. Nxb3 a6 12. Rd1 0-0 13. Nc5 Bxc5 14. dxc5 Qe7 15. Rd6 Rfd8 16. Bg5 Nxc5 17. Rxd8+ Rxd8 18. axb5 cxb5 19. Bxf6 Qxf6 20. Rc1 Rc8 21. h4 h6 22. Rd1 Qe7 23. Qb2 Na4 24. Qd4 Nc3 25. Rd2 b4 26. Ne5 Bxg2 27. Kxg2 b3 28. Nc4 Nd5 29. Rc2 0-1

[Event "Titled Tuesday intern op 08th Nov Early"]
[Site "Chess.com INT"]
[Date "2022.11.08"]
[Round "9"]
[White "Tharushi, THD Niklesha"]
[Black "Izuzquiza Gonzalez, Javier"]
[Result "1-0"]
[WhiteElo "1581"]
[BlackElo "2020"]
[PlyCount "93"]
[EventDate "2022.11.08"]
[EventType "swiss (blitz)"]
[EventRounds "11"]
[EventCountry "USA"]
[SourceTitle "EXT 2024"]
[Source "ChessBase"]
[SourceDate "2023.10.10"]
[SourceVersion "1"]
[SourceVersionDate "2023.10.10"]
[SourceQuality "1"]

1. e4 c5 2. Nf3 e6 3. d4 cxd4 4. Nxd4 a6 5. Nc3 Qc7 6. Be3 Bb4 7. Qd2 Nf6 8. f3 d5 9. exd5 Nxd5 10. Nde2 Nxe3 11. Qxe3 Nd7 12. 0-0-0 Nf6 13. Qf4 Qxf4+ 14. Nxf4 0-0 15. Na4 e5 16. Nb6 Rb8 17. Nfd5 Nxd5 18. Nxd5 Bc5 19. b4 Bd4 20. c3 Ba7 21. Bc4 Be6 22. Ne7+ Kh8 23. Bxe6 fxe6 24. Rd7 Be3+ 25. Kb2 Bg5 26. Rhd1 Rfe8 27. Nc6 bxc6 28. Rc7 Rec8 29. Ra7 Ra8 30. Rb7 h5 31. Rdd7 Bf6 32. a4 a5 33. Kb3 axb4 34. cxb4 c5 35. b5 c4+ 36. Kb4 c3 37. Rdc7 c2 38. a5 c1Q 39. Rxc1 Rxc1 40. a6 Rc2 41. a7 Rxg2 42. Rb8+ Kh7 43. Rxa8 Ra2 44. b6 Be7+ 45. Kb5 Rb2+ 46. Kc6 Ra2 47. b7 1-0

[Event "Titled Tuesday intern op 01st Nov Early"]
[Site "Chess.com INT"]
[Date "2022.11.01"]
[Round "6"]
[White "Izuzquiza Gonzalez, Javier"]
[Black "Bilan, Danila"]
[Result "1/2-1/2"]
[WhiteElo "2020"]
[BlackElo "2303"]
[PlyCount "91"]
[EventDate "2022.11.01"]
[EventType "swiss (blitz)"]
[EventRounds "11"]
[EventCountry "USA"]
[SourceTitle "EXT 2024"]
[Source "ChessBase"]
[SourceDate "2023.10.10"]
[SourceVersion "1"]
[SourceVersionDate "2023.10.10"]
[SourceQuality "1"]

1. d4 d5 2. c4 c6 3. Nf3 Nf6 4. g3 Bf5 5. Bg2 e6 6. 0-0 h6 7. b3 Nbd7 8. Nc3 Bb4 9. Bd2 Ba3 10. Bc1 Bb4 11. Bd2 Qa5 12. Qc1 Ba3 13. Nb5 Bxc1 14. Bxa5 cxb5 15. Raxc1 bxc4 16. bxc4 0-0 17. cxd5 Nxd5 18. Nd2 Bg6 19. e4 N5f6 20. Rc7 b6 21. Bb4 Rfc8 22. Rfc1 Rxc7 23. Rxc7 Nf8 24. f4 Rd8 25. Bc3 Ne8 26. Rxa7 Nd6 27. Rc7 Nb5 28. Rc6 Nxd4 29. Bxd4 Rxd4 30. Nb3 Rb4 31. e5 Nd7 32. Kf2 Nc5 33. Nxc5 bxc5 34. Rc8+ Kh7 35. Rxc5 Rb2+ 36. Kf1 Rxa2 37. h4 h5 38. Bf3 Ra3 39. Kf2 Rb3 40. Rc7 Rd3 41. Rc4 Ra3 42. Be4 Ra2+ 43. Kf3 Ra3+ 44. Kf2 Ra2+ 45. Kf3 Ra3+ 46. Kf2 1/2-1/2

[Event "Titled Tuesday intern op 01st Nov Early"]
[Site "Chess.com INT"]
[Date "2022.11.01"]
[Round "7"]
[White "Izuzquiza Gonzalez, Javier"]
[Black "Nurmanova, Alua"]
[Result "0-1"]
[WhiteElo "2020"]
[BlackElo "2164"]
[PlyCount "76"]
[EventDate "2022.11.01"]
[EventType "swiss (blitz)"]
[EventRounds "11"]
[EventCountry "USA"]
[SourceTitle "EXT 2024"]
[Source "ChessBase"]
[SourceDate "2023.10.10"]
[SourceVersion "1"]
[SourceVersionDate "2023.10.10"]
[SourceQuality "1"]

1. d4 Nf6 2. c4 g6 3. g3 Bg7 4. Bg2 0-0 5. Nf3 d6 6. 0-0 Nbd7 7. Nc3 e5 8. e4 exd4 9. Nxd4 Re8 10. Qc2 Nc5 11. Re1 a5 12. h3 Bd7 13. Be3 Qc8 14. Kh2 Re5 15. Nde2 Bc6 16. Bd4 Re8 17. e5 Nfd7 18. exd6 cxd6 19. Bxg7 Kxg7 20. Nd5 Bxd5 21. Bxd5 Ne5 22. Qc3 Kg8 23. Rad1 Qf5 24. f4 Nc6 25. Bxc6 bxc6 26. Nd4 Qd7 27. Nf3 Ne4 28. Qd4 f5 29. Nd2 Nc5 30. Nf3 Ne4 31. Nd2 Qe6 32. Nxe4 fxe4 33. Qxd6 Qxc4 34. Rc1 Qxa2 35. Qf6 Rac8 36. f5 Rf8 37. Qe5 Rxf5 38. Rxe4 Rxe5 0-1

[Event "Titled Tuesday intern op 01st Nov Early"]
[Site "Chess.com INT"]
[Date "2022.11.01"]
[Round "10"]
[White "Izuzquiza Gonzalez, Javier"]
[Black "Orlov, Georgi"]
[Result "0-1"]
[WhiteElo "2020"]
[BlackElo "2453"]
[PlyCount "58"]
[EventDate "2022.11.01"]
[EventType "swiss (blitz)"]
[EventRounds "11"]
[EventCountry "USA"]
[SourceTitle "EXT 2024"]
[Source "ChessBase"]
[SourceDate "2023.10.10"]
[SourceVersion "1"]
[SourceVersionDate "2023.10.10"]
[SourceQuality "1"]

1. d4 Nf6 2. c4 Nc6 3. d5 Ne5 4. Qc2 e6 5. f4 Ng6 6. Nc3 exd5 7. cxd5 Bb4 8. e4 Qe7 9. Bd3 Nxd5 10. Nge2 Nxc3 11. bxc3 Bc5 12. Nd4 d6 13. 0-0 Qf6 14. Be3 0-0 15. Rae1 Bd7 16. Qf2 Rae8 17. Bb1 Bb6 18. Qc2 Bc6 19. Nxc6 bxc6 20. e5 dxe5 21. fxe5 Qh4 22. Bxb6 axb6 23. Re4 Qh5 24. Rfe1 Re6 25. R4e3 Rfe8 26. Qf5 Qxf5 27. Bxf5 Rxe5 28. Rxe5 Rxe5 29. Bd7 Rxe1+ 0-1

[Event "Titled Tuesday intern op 01st Nov Early"]
[Site "Chess.com INT"]
[Date "2022.11.01"]
[Round "5"]
[White "Reprintsev, Alexander"]
[Black "Izuzquiza Gonzalez, Javier"]
[Result "0-1"]
[WhiteElo "2330"]
[BlackElo "2020"]
[PlyCount "72"]
[EventDate "2022.11.01"]
[EventType "swiss (blitz)"]
[EventRounds "11"]
[EventCountry "USA"]
[SourceTitle "EXT 2024"]
[Source "ChessBase"]
[SourceDate "2023.10.10"]
[SourceVersion "1"]
[SourceVersionDate "2023.10.10"]
[SourceQuality "1"]

1. e4 c5 2. b3 d5 3. exd5 Qxd5 4. Nc3 Qd6 5. Ne4 Qc7 6. Bb5+ Bd7 7. Qe2 a6 8. Bxd7+ Nxd7 9. Bb2 Qc6 10. Nf3 Ngf6 11. Nxf6+ Nxf6 12. 0-0 g6 13. Rfe1 Qd6 14. Be5 Qc6 15. d4 Bg7 16. c4 cxd4 17. Nxd4 Qb6 18. Rad1 0-0 19. Nf3 Rad8 20. Bd4 Qa5 21. Qxe7 Rfe8 22. Bxf6 Rxe7 23. Bxe7 Rxd1 24. Rxd1 Bc3 25. a3 Kg7 26. h3 Qf5 27. b4 Bf6 28. Bc5 Qc2 29. Rd7 Qxc4 30. Rxb7 Qc1+ 31. Kh2 Qxa3 32. Rb8 h5 33. Bf8+ Kh7 34. Bc5 Qb2 35. Rb7 Be5+ 36. g3 Kg7 0-1

[Event "Titled Tuesday intern op 18th Oct Late"]
[Site "Chess.com INT"]
[Date "2022.10.18"]
[Round "2"]
[White "Izuzquiza Gonzalez, Javier"]
[Black "Graif, William"]
[Result "0-1"]
[WhiteElo "2020"]
[BlackElo "2305"]
[PlyCount "50"]
[EventDate "2022.10.18"]
[EventType "swiss (blitz)"]
[EventRounds "11"]
[EventCountry "USA"]
[SourceTitle "EXT 2024"]
[Source "ChessBase"]
[SourceDate "2023.10.10"]
[SourceVersion "1"]
[SourceVersionDate "2023.10.10"]
[SourceQuality "1"]

1. d4 Nf6 2. c4 e5 3. dxe5 Ng4 4. Bf4 Nc6 5. Nf3 f6 6. exf6 Qxf6 7. Qc1 Bb4+ 8. Bd2 Bc5 9. e3 0-0 10. Be2 Nce5 11. Bc3 Nxf3+ 12. Bxf3 Qh4 13. Qd2 Bxe3 14. Qd5+ Kh8 15. g3 Bxf2+ 16. Ke2 Qe7+ 17. Qe4 Qxe4+ 18. Bxe4 d5 19. cxd5 Bd7 20. Nd2 Rae8 21. h3 Nf6 22. Kd3 Nxe4 23. Nxe4 Bf5 24. Rae1 Bxe1 25. Rxe1 Rxe4 0-1

[Event "Titled Tuesday intern op 18th Oct Late"]
[Site "Chess.com INT"]
[Date "2022.10.18"]
[Round "3"]
[White "Papayan, Oleg"]
[Black "Izuzquiza Gonzalez, Javier"]
[Result "1-0"]
[WhiteElo "2253"]
[BlackElo "2020"]
[PlyCount "59"]
[EventDate "2022.10.18"]
[EventType "swiss (blitz)"]
[EventRounds "11"]
[EventCountry "USA"]
[SourceTitle "EXT 2024"]
[Source "ChessBase"]
[SourceDate "2023.10.10"]
[SourceVersion "1"]
[SourceVersionDate "2023.10.10"]
[SourceQuality "1"]

1. e4 c5 2. Nf3 e6 3. d4 cxd4 4. Nxd4 a6 5. Bd3 Nf6 6. 0-0 Qc7 7. Qe2 d6 8. c4 g6 9. Nc3 Bg7 10. Bg5 0-0 11. Kh1 Nc6 12. Nxc6 bxc6 13. f4 Re8 14. Rae1 Nd7 15. Qf2 Rb8 16. f5 exf5 17. exf5 Ne5 18. f6 Bf8 19. Qh4 Be6 20. Bh6 Kh8 21. Bxf8 Rxf8 22. Qh6 Rg8 23. Rf4 Ng4 24. Qg5 h6 25. Qh4 g5 26. Qh5 gxf4 27. Ne4 d5 28. h3 dxe4 29. hxg4 exd3 30. Qxh6# 1-0

[Event "Titled Tuesday intern op 11th Oct Late"]
[Site "Chess.com INT"]
[Date "2022.10.11"]
[Round "3"]
[White "Izuzquiza Gonzalez, Javier"]
[Black "Martin Carmona, Gaston Manuel"]
[Result "0-1"]
[WhiteElo "2020"]
[BlackElo "2335"]
[PlyCount "54"]
[EventDate "2022.10.11"]
[EventType "swiss (blitz)"]
[EventRounds "11"]
[EventCountry "USA"]
[SourceTitle "EXT 2024"]
[Source "ChessBase"]
[SourceDate "2023.10.10"]
[SourceVersion "1"]
[SourceVersionDate "2023.10.10"]
[SourceQuality "1"]

1. d4 Nf6 2. c4 g6 3. Nf3 Bg7 4. g3 d6 5. Bg2 0-0 6. 0-0 Nc6 7. Nc3 e5 8. d5 Ne7 9. Ne1 Nd7 10. Nd3 f5 11. e4 Nf6 12. f4 fxe4 13. Nxe4 Nxe4 14. Bxe4 Bh3 15. Bg2 Bxg2 16. Kxg2 exf4 17. Bxf4 Nf5 18. Qd2 Qd7 19. Rae1 Rae8 20. b3 h6 21. Qc1 g5 22. Bd2 Rxe1 23. Rxe1 Nd4 24. Rf1 Qg4 25. Rxf8+ Bxf8 26. Qf1 Qe4+ 27. Kg1 Nf3+ 0-1

[Event "Titled Tuesday intern op 11th Oct Late"]
[Site "Chess.com INT"]
[Date "2022.10.11"]
[Round "4"]
[White "Tarnowska, Aleksandra"]
[Black "Izuzquiza Gonzalez, Javier"]
[Result "1-0"]
[WhiteElo "1876"]
[BlackElo "2020"]
[PlyCount "103"]
[EventDate "2022.10.11"]
[EventType "swiss (blitz)"]
[EventRounds "11"]
[EventCountry "USA"]
[SourceTitle "EXT 2024"]
[Source "ChessBase"]
[SourceDate "2023.10.10"]
[SourceVersion "1"]
[SourceVersionDate "2023.10.10"]
[SourceQuality "1"]

1. e4 c5 2. Nf3 e6 3. c4 Nc6 4. Nc3 a6 5. d4 cxd4 6. Nxd4 Nge7 7. Be3 g6 8. Be2 Bg7 9. 0-0 0-0 10. Rc1 d6 11. Nb3 Qc7 12. Qd2 Rd8 13. Bh6 Bd7 14. Rfd1 Be8 15. Bxg7 Kxg7 16. Qf4 Ne5 17. Nb1 b6 18. N1d2 Rac8 19. Nf3 Nxf3+ 20. Qxf3 Nc6 21. Qe3 Ne5 22. f4 Nd7 23. f5 a5 24. Rf1 f6 25. fxe6 Ne5 26. Qf4 Qe7 27. Nd4 Nc6 28. Rfd1 Nxd4 29. Rxd4 Qxe6 30. Rcd1 Rc6 31. b3 Qe5 32. Qxe5 fxe5 33. R4d3 h5 34. h3 Kf6 35. g4 Ke6 36. Kg2 Bf7 37. Rf3 Rf8 38. Rdf1 Rc7 39. Rf6+ Ke7 40. gxh5 gxh5 41. Kh2 Ke8 42. Bxh5 Re7 43. Bxf7+ Rexf7 44. Rxf7 Rxf7 45. Rxf7 Kxf7 46. Kg3 Kg6 47. Kg4 Kf6 48. h4 Kg6 49. h5+ Kf6 50. Kh4 Kf7 51. Kg5 Kg7 52. Kf5 1-0

[Event "Titled Tuesday intern op 04th Oct Early"]
[Site "Chess.com INT"]
[Date "2022.10.04"]
[Round "7"]
[White "Forgacs, Attila Jr"]
[Black "Izuzquiza Gonzalez, Javier"]
[Result "1-0"]
[WhiteElo "2268"]
[BlackElo "2020"]
[PlyCount "69"]
[EventDate "2022.10.04"]
[EventType "swiss (blitz)"]
[EventRounds "11"]
[EventCountry "USA"]
[SourceTitle "EXT 2023"]
[Source "ChessBase"]
[SourceDate "2022.10.05"]
[SourceVersion "1"]
[SourceVersionDate "2022.10.05"]
[SourceQuality "1"]

1. e4 c5 2. Nf3 e6 3. d4 cxd4 4. Nxd4 a6 5. c4 Nf6 6. Nc3 Qc7 7. a3 Nc6 8. Be3 Be7 9. Be2 0-0 10. Rc1 b6 11. Nd5 exd5 12. cxd5 Bb7 13. dxc6 dxc6 14. f3 c5 15. Nf5 Rfd8 16. Qc2 Bf8 17. 0-0 Ne8 18. Rfd1 Nd6 19. Bf4 Qc6 20. Ne3 Nb5 21. Nd5 Nd4 22. Rxd4 cxd4 23. Qxc6 Bxc6 24. Rxc6 Bc5 25. Bd3 f5 26. b4 fxe4 27. fxe4 Bf8 28. Nxb6 Ra7 29. Bc7 Re8 30. Nd5 Rc8 31. Bxa6 Re8 32. b5 d3 33. Ba5 Bxa3 34. Nc7 Rxe4 35. b6 1-0